[Event "St Petersburg Summer op"]
[Site "St Petersburg"]
[Date "2017.08.24"]
[Round "9"]
[White "Dionisi, Thomas"]
[Black "Puraev, Artemiy"]
[Result "1/2-1/2"]
[WhiteElo "2400"]
[BlackElo "2240"]
[PlyCount "148"]
[EventDate "2017.08.16"]
[EventType "swiss"]
[EventRounds "9"]
[EventCountry "RUS"]
[SourceTitle "CBM 180 Extra"]
[Source "ChessBase"]
[SourceDate "2017.10.06"]
[SourceVersion "1"]
[SourceVersionDate "2017.10.06"]
[SourceQuality "1"]

1. e4 e6 2. d4 d5 3. e5 c5 4. c3 Qb6 5. Nf3 Nc6 6. a3 Nh6 7. b4 cxd4 8. cxd4 Nf5 9. Be3 f6 10. exf6 gxf6 11. Bd3 Nxe3 12. fxe3 Bh6 13. Qe2 Bd7 14. Nc3 Ne7 15. 0-0 0-0-0 16. Nd2 e5 17. Nb3 Rhg8 18. Kh1 e4 19. Bc2 Rg5 20. Nc5 Bg4 21. Qf2 f5 22. Rac1 Rh5 23. Bd1 Bxd1 24. Rfxd1 Kb8 25. Ne2 Qd6 26. g3 Ng8 27. Nf4 Bxf4 28. Qxf4 Qxf4 29. exf4 Rh6 30. Rc2 Rhd6 31. Rdc1 Nf6 32. a4 Nd7 33. a5 Nxc5 34. Rxc5 a6 35. Kg2 R6d7 36. R1c3 Rd6 37. Rc7 R6d7 38. R7c5 Rd6 39. Kf2 Rh6 40. Kg1 Rhd6 41. Rc2 Re6 42. Kf1 e3 43. R2c3 Re4 44. Rd3 Rc8 45. Rxc8+ Kxc8 46. Ke2 Kd7 47. Rxe3 Rxd4 48. Re5 Rxb4 49. Rxf5 Rb2+ 50. Ke3 Rxh2 51. Rxd5+ Ke6 52. Re5+ Kf6 53. g4 Ra2 54. g5+ Kg6 55. Kf3 Kh5 56. Re7 Ra3+ 57. Ke4 Kg4 58. Rxh7 Ra4+ 59. Ke3 Ra3+ 60. Ke4 Ra4+ 61. Ke5 Rxa5+ 62. Ke6 Kxf4 63. g6 Re5+ 64. Kf6 Rf5+ 65. Ke6 Re5+ 66. Kf7 Rf5+ 67. Ke8 Re5+ 68. Re7 Rg5 69. g7 b5 70. Kf8 a5 71. g8Q Rxg8+ 72. Kxg8 b4 73. Ra7 Ke3 74. Rxa5 Kd3 1/2-1/2

[Event "Chigorin Memorial 24th"]
[Site "St Petersburg"]
[Date "2016.10.20"]
[Round "6"]
[White "Usmanov, Vasily"]
[Black "Puraev, Artemiy"]
[Result "1/2-1/2"]
[WhiteElo "2431"]
[BlackElo "2204"]
[PlyCount "80"]
[EventDate "2016.10.15"]
[EventType "swiss"]
[EventRounds "9"]
[EventCountry "RUS"]
[SourceTitle "CBM 175 Extra"]
[Source "ChessBase"]
[SourceDate "2016.12.12"]
[SourceVersion "1"]
[SourceVersionDate "2016.12.12"]
[SourceQuality "1"]

1. d4 e6 2. c4 d5 3. Nf3 Nf6 4. g3 Bb4+ 5. Nbd2 0-0 6. Qc2 b6 7. Bg2 Bb7 8. 0-0 Be7 9. Rd1 c5 10. cxd5 exd5 11. Nb1 Nc6 12. Nc3 Qc8 13. Bg5 Rd8 14. dxc5 bxc5 15. Bxf6 Nb4 16. Qb3 Bxf6 17. a3 d4 18. axb4 dxc3 19. bxc3 cxb4 20. Rxd8+ Qxd8 21. Qxb4 Rb8 22. Rb1 Be7 23. Qd4 Bxf3 24. Qxd8+ Rxd8 25. Bxf3 Rd7 26. Rb8+ Bf8 27. Rc8 a5 28. c4 a4 29. Ra8 a3 30. Bd5 g6 31. e4 Kg7 32. Kf1 Bc5 33. Ra5 Ra7 34. Rxa7 Bxa7 35. c5 Bxc5 36. f4 f6 37. Ke2 Kf8 38. Kf3 Ke7 39. e5 fxe5 40. fxe5 Bd4 1/2-1/2

[Event "Chigorin Memorial 24th"]
[Site "St Petersburg"]
[Date "2016.10.17"]
[Round "3"]
[White "Puraev, Artemiy"]
[Black "Drygalov, Sergey"]
[Result "0-1"]
[WhiteElo "2204"]
[BlackElo "2409"]
[PlyCount "80"]
[EventDate "2016.10.15"]
[EventType "swiss"]
[EventRounds "9"]
[EventCountry "RUS"]
[SourceTitle "CBM 175 Extra"]
[Source "ChessBase"]
[SourceDate "2016.12.12"]
[SourceVersion "1"]
[SourceVersionDate "2016.12.12"]
[SourceQuality "1"]

1. d4 Nf6 2. Nf3 g6 3. g3 Bg7 4. b3 d5 5. Bb2 0-0 6. Bg2 a5 7. c4 a4 8. 0-0 c6 9. Ne5 Nbd7 10. cxd5 Nxe5 11. dxe5 Nxd5 12. bxa4 Nb6 13. f4 Nxa4 14. Bd4 Qa5 15. Nd2 Be6 16. Nb3 Qb4 17. Qe1 Qxe1 18. Raxe1 Rfd8 19. Rd1 Bc4 20. Kf2 e6 21. Rd2 Bf8 22. Rc1 Bxb3 23. axb3 Nc5 24. Rc3 Ra3 25. Be3 Rxd2 26. Bxd2 Rxb3 27. Rc2 Na4 28. Bf3 Nb6 29. Bc1 Nd5 30. Ra2 Rb1 31. Be3 Nxe3 32. Kxe3 Bc5+ 33. Kd3 Bg1 34. g4 Rb3+ 35. Kc4 Rb1 36. Be4 Rc1+ 37. Kd3 Rd1+ 38. Kc3 Rd4 39. f5 exf5 40. gxf5 Rxe4 0-1

[Event "Chigorin Memorial 24th"]
[Site "St Petersburg"]
[Date "2016.10.16"]
[Round "2"]
[White "Bublei, Pavel"]
[Black "Puraev, Artemiy"]
[Result "1/2-1/2"]
[WhiteElo "2406"]
[BlackElo "2204"]
[PlyCount "137"]
[EventDate "2016.10.15"]
[EventType "swiss"]
[EventRounds "9"]
[EventCountry "RUS"]
[SourceTitle "CBM 175 Extra"]
[Source "ChessBase"]
[SourceDate "2016.12.12"]
[SourceVersion "1"]
[SourceVersionDate "2016.12.12"]
[SourceQuality "1"]

1. d4 d5 2. c4 e6 3. Nc3 Nf6 4. cxd5 exd5 5. Bf4 Bd6 6. Bxd6 Qxd6 7. e3 Bf5 8. Bd3 Bxd3 9. Qxd3 0-0 10. Nge2 Nbd7 11. 0-0 c6 12. Nf4 Rfe8 13. h3 Nb6 14. b3 Qe7 15. Rac1 a5 16. Qc2 Ne4 17. Nd3 Nxc3 18. Qxc3 Nc8 19. Rc2 Nd6 20. Rb2 h6 21. Rfb1 Ne4 22. Qc2 Rec8 23. a4 c5 24. dxc5 Nxc5 25. Nxc5 Rxc5 26. Qd2 Rac8 27. b4 axb4 28. Rxb4 Rc1+ 29. Rxc1 Rxc1+ 30. Qxc1 Qxb4 31. Qc8+ Kh7 32. Qf5+ Kg8 33. Qxd5 Qxa4 34. Qxb7 Qa1+ 35. Kh2 Qe5+ 36. g3 h5 37. Kg2 g6 38. Qc6 Qa5 39. Qe8+ Kg7 40. Qe4 Kg8 41. Qc4 Qa8+ 42. e4 Qa1 43. Qd5 Qe1 44. g4 hxg4 45. hxg4 Qe2 46. Kg3 Qe1 47. Kf3 Qh1+ 48. Ke2 Qg2 49. g5 Qg4+ 50. Ke3 Qc8 51. Kd2 Qb8 52. Qc5 Qf4+ 53. Kd3 Qf3+ 54. Qe3 Qd1+ 55. Qd2 Qf3+ 56. Kd4 Qg4 57. Ke5 Qe6+ 58. Kf4 Qc8 59. f3 Qb8+ 60. Kg4 Qc8+ 61. Kg3 Qb8+ 62. f4 Qb1 63. Qd8+ Kh7 64. Qd4 Qe1+ 65. Kf3 Qh1+ 66. Ke2 Qg2+ 67. Ke1 Qh1+ 68. Kd2 Qh2+ 69. Ke3 1/2-1/2

[Event "Izmailov Memorial op 17th"]
[Site "Tomsk"]
[Date "2013.06.17"]
[Round "7"]
[White "Yudin, Sergei"]
[Black "Puraev, Artemiy"]
[Result "1-0"]
[WhiteElo "2552"]
[BlackElo "2226"]
[PlyCount "53"]
[EventDate "2013.06.11"]
[EventType "swiss"]
[EventRounds "9"]
[EventCountry "RUS"]
[SourceTitle "CBM 154 Extra"]
[Source "ChessBase"]
[SourceDate "2013.06.25"]
[SourceVersion "2"]
[SourceVersionDate "2013.06.25"]
[SourceQuality "1"]

1. e4 e6 2. d4 d5 3. Nd2 Be7 4. c3 c5 5. e5 Nc6 6. Bd3 Nh6 7. Ndf3 Nf5 8. dxc5 Bxc5 9. Ne2 Nh4 10. Nxh4 Qxh4 11. g3 Qh5 12. f4 Bd7 13. b4 Bb6 14. Ba3 Rc8 15. Qd2 g5 16. 0-0-0 a5 17. Kb1 d4 18. b5 Na7 19. Nxd4 Bxd4 20. cxd4 Bxb5 21. Qxa5 Bxd3+ 22. Rxd3 Qe2 23. Rhd1 Qc2+ 24. Ka1 Nc6 25. Qb5 Ra8 26. Rc1 Ra5 27. Qxb7 1-0

[Event "Izmailov Memorial op 17th"]
[Site "Tomsk"]
[Date "2013.06.15"]
[Round "5"]
[White "Belozerov, Andrei"]
[Black "Puraev, Artemiy"]
[Result "1-0"]
[WhiteElo "2511"]
[BlackElo "2226"]
[PlyCount "83"]
[EventDate "2013.06.11"]
[EventType "swiss"]
[EventRounds "9"]
[EventCountry "RUS"]
[SourceTitle "CBM 154 Extra"]
[Source "ChessBase"]
[SourceDate "2013.06.25"]
[SourceVersion "2"]
[SourceVersionDate "2013.06.25"]
[SourceQuality "1"]

1. c4 e6 2. g3 d5 3. Nf3 dxc4 4. Bg2 a6 5. 0-0 Nf6 6. a4 Nc6 7. Na3 Na5 8. Qc2 Qd5 9. Rd1 Bd7 10. d3 Nb3 11. Rb1 Bxa4 12. Nxc4 Bb4 13. Ra1 Qb5 14. Rxa4 Qxa4 15. Nd4 Nc5 16. Qxa4+ Nxa4 17. Bxb7 0-0 18. Bxa8 Rxa8 19. Nc6 Bd6 20. Bd2 Nd7 21. Ra1 Nab6 22. b4 Kf8 23. f4 Ke8 24. Kf2 Bf8 25. Kf3 Nxc4 26. dxc4 Nb6 27. c5 Nc4 28. Bc3 Kd7 29. Nd4 e5 30. Nb3 f6 31. Ke4 Kc6 32. fxe5 fxe5 33. Nd2 Kb5 34. Nxc4 Kxc4 35. Be1 g6 36. Rd1 c6 37. Rd7 h5 38. Rc7 Rd8 39. Rxc6 Rd1 40. Bf2 Rd2 41. Rc8 Bh6 42. c6 1-0

[Event "Novokuznetsk Siberia-ch"]
[Site "Novokuznetsk"]
[Date "2013.03.22"]
[Round "2"]
[White "Puraev, Artemiy"]
[Black "Nevostrujev, Vladimir"]
[Result "0-1"]
[WhiteElo "2215"]
[BlackElo "2438"]
[PlyCount "92"]
[EventDate "2013.03.21"]
[EventType "swiss"]
[EventRounds "9"]
[EventCountry "RUS"]
[SourceTitle "CBM 153 Extra"]
[Source "ChessBase"]
[SourceDate "2013.04.22"]
[SourceVersion "1"]
[SourceVersionDate "2013.04.22"]
[SourceQuality "1"]

1. Nf3 g6 2. c4 Bg7 3. g3 Nf6 4. Bg2 d5 5. cxd5 Nxd5 6. d4 Nb6 7. Nc3 Nc6 8. e3 0-0 9. 0-0 e5 10. dxe5 Qxd1 11. Rxd1 Nxe5 12. Nxe5 Bxe5 13. e4 Bg7 14. a4 Bg4 15. f3 Be6 16. a5 Nc4 17. Bf1 Rfd8 18. Bxc4 Rxd1+ 19. Nxd1 Bxc4 20. Be3 Rd8 21. Kf2 f5 22. exf5 gxf5 23. Nc3 b6 24. Rd1 Rxd1 25. Nxd1 Kf7 26. Bf4 Bb3 27. Nc3 c6 28. Be3 c5 29. Ke1 Ke6 30. Kd2 Kd7 31. g4 fxg4 32. fxg4 Kc6 33. axb6 axb6 34. Kc1 Bd5 35. g5 Bf3 36. h4 Be5 37. Bf2 b5 38. Nb1 c4 39. Nd2 Be2 40. Be3 c3 41. bxc3 Bxc3 42. Nb3 b4 43. Bd2 Be5 44. Be1 Bf4+ 45. Bd2 Bd6 46. Be3 Kd5 0-1

[Event "Izmailov Memorial op 16th"]
[Site "Tomsk"]
[Date "2012.08.14"]
[Round "9"]
[White "Puraev, Artemiy"]
[Black "Petrukhina, Irina"]
[Result "0-1"]
[WhiteElo "2233"]
[BlackElo "2202"]
[PlyCount "98"]
[EventDate "2012.08.06"]
[EventType "swiss"]
[EventRounds "9"]
[EventCountry "RUS"]
[SourceTitle "CBM 149 Extra"]
[Source "ChessBase"]
[SourceDate "2012.08.24"]
[SourceVersion "1"]
[SourceVersionDate "2012.08.24"]
[SourceQuality "1"]

1. Nf3 d5 2. c4 c6 3. g3 Nf6 4. Bg2 dxc4 5. 0-0 Nbd7 6. Qc2 Nb6 7. a4 a5 8. Na3 Qd5 9. Ne1 Qd4 10. e3 Qg4 11. e4 h5 12. Nxc4 Nxc4 13. Qxc4 h4 14. Bf3 Qh3 15. Bg2 Qg4 16. Bf3 Qg6 17. Ng2 Ng4 18. Bxg4 Bxg4 19. e5 0-0-0 20. Ne3 Bh3 21. Re1 e6 22. b4 Bxb4 23. Ba3 Bxd2 24. Bd6 hxg3 25. fxg3 Qh6 26. Qd4 Bb4 27. Nc4 Rxd6 28. Nxd6+ Bxd6 29. exd6 Bf5 30. Ra2 Qf6 31. Re5 Qd8 32. Rd2 f6 33. d7+ Kb8 34. Rc5 e5 35. Qd6+ Ka7 36. Kf1 Qb6 37. h4 Bxd7 38. Qe7 Bh3+ 39. Kg1 Rh5 40. Kh2 Bg4 41. Rc3 Rf5 42. Rcc2 Rf1 43. Qc5 Bf3 44. Qxb6+ Kxb6 45. g4 Bxg4 46. Rb2+ Kc7 47. Kg3 Rf4 48. Ra2 Be6 49. Ra1 Rg4+ 0-1

[Event "Abaza op"]
[Site "Abaza"]
[Date "2012.07.29"]
[Round "9"]
[White "Guk, Evgeniy"]
[Black "Puraev, Artemiy"]
[Result "0-1"]
[WhiteElo "2078"]
[BlackElo "2233"]
[PlyCount "43"]
[EventDate "2012.07.21"]
[EventType "swiss"]
[EventRounds "9"]
[EventCountry "RUS"]
[SourceTitle "CBM 149 Extra"]
[Source "ChessBase"]
[SourceDate "2012.08.24"]
[SourceVersion "1"]
[SourceVersionDate "2012.08.24"]
[SourceQuality "1"]

1. f4 e5 2. fxe5 d6 3. exd6 Bxd6 4. Nf3 g5 5. d4 g4 6. Ne5 Bxe5 7. dxe5 Qxd1+ 8. Kxd1 Nc6 9. Bf4 Be6 10. e3 Nge7 11. Bb5 0-0-0+ 12. Nd2 Rd5 13. c4 Rd3 14. Bxc6 Nxc6 15. Ke2 Rd7 16. b3 Bf5 17. e4 Bg6 18. h4 h5 19. e6 Nd4+ 20. Kf2 Nxe6 21. Be3 Rhd8 22. Rhe1 0-1

[Event "Abaza op"]
[Site "Abaza"]
[Date "2012.07.21"]
[Round "1"]
[White "Butanaev, VV."]
[Black "Puraev, Artemiy"]
[Result "0-1"]
[WhiteElo "1908"]
[BlackElo "2233"]
[PlyCount "37"]
[EventDate "2012.07.21"]
[EventType "swiss"]
[EventRounds "9"]
[EventCountry "RUS"]
[SourceTitle "CBM 149 Extra"]
[Source "ChessBase"]
[SourceDate "2012.08.24"]
[SourceVersion "1"]
[SourceVersionDate "2012.08.24"]
[SourceQuality "1"]

1. e4 d6 2. d4 Nf6 3. Nc3 Nbd7 4. Nf3 e5 5. Bc4 Be7 6. 0-0 0-0 7. Bg5 c6 8. Qe2 Re8 9. Rfd1 exd4 10. Rxd4 b5 11. Bb3 c5 12. Bxf7+ Kxf7 13. Bxf6 Nxf6 14. Ng5+ Kg8 15. Qxb5 cxd4 16. Nd5 Rf8 17. Nxf6+ Bxf6 18. Qd5+ Kh8 19. Qg8+ 0-1

[Event "Izmailov Memorial op 15th"]
[Site "Tomsk"]
[Date "2011.06.07"]
[Round "7"]
[White "Demianjuk, Alexander"]
[Black "Puraev, Artemiy"]
[Result "1/2-1/2"]
[WhiteElo "2312"]
[BlackElo "2220"]
[PlyCount "85"]
[EventDate "2011.06.01"]
[EventType "swiss"]
[EventRounds "9"]
[EventCountry "RUS"]
[SourceTitle "EXT 2013"]
[Source "ChessBase"]
[SourceDate "2012.11.22"]
[SourceVersion "1"]
[SourceVersionDate "2012.11.22"]
[SourceQuality "1"]

1. d4 d5 2. c4 e6 3. Nc3 Nf6 4. cxd5 exd5 5. Bg5 c6 6. e3 Qb6 7. Qc2 Ne4 8. Bf4 Bf5 9. Bd3 Na6 10. a3 Qa5 11. Rc1 Nxc3 12. Qxc3 Qxc3+ 13. Rxc3 Bxd3 14. Rxd3 Kd7 15. Ne2 Nc7 16. Nc3 Ne6 17. Bg3 Bd6 18. Kd2 f5 19. Bxd6 Kxd6 20. b4 b5 21. a4 a5 22. Rb1 Rhb8 23. axb5 cxb5 24. bxa5 Rxa5 25. Rb2 Nd8 26. Na2 Nc6 27. Nb4 Nxb4 28. Rxb4 Ra2+ 29. Ke1 Rc8 30. Rd2 Rc1+ 31. Ke2 Rcc2 32. Rxc2 Rxc2+ 33. Kd3 Rxf2 34. Rxb5 Rxg2 35. Rb7 h5 36. h4 f4 37. exf4 Ke6 38. Ke3 g6 39. Rb6+ Kf5 40. Rd6 Rg3+ 41. Kf2 Rh3 42. Rxd5+ Kxf4 43. Rg5 1/2-1/2